Karbantartási projektek tervezése

What the maintenance engineers of companies are to achieve, is well described by the following quote from the movie, Wedding Crashers: „You never know what future brings for us. The only thing we can do is to make the best decision based on the available information." These engineers aim to sel...

Teljes leírás

Elmentve itt :
Bibliográfiai részletek
Szerző: Németh Anikó
Dokumentumtípus: Cikk
Megjelent: Egyesület Közép-Európa Kutatására Szeged 2014
Sorozat:Taylor : gazdálkodás- és szervezéstudományi folyóirat 6 No. 1-2
Kulcsszavak:Közgazdaságtudomány
Tárgyszavak:
Online Access:http://acta.bibl.u-szeged.hu/34592
LEADER 01847nab a2200229 i 4500
001 acta34592
005 20260114112847.0
008 161017s2014 hu o 000 hun d
022 |a 2062-1396 
040 |a SZTE Egyetemi Kiadványok Repozitórium  |b hun 
041 |a hun 
041 |a eng 
100 1 |a Németh Anikó 
245 1 0 |a Karbantartási projektek tervezése  |h [elektronikus dokumentum] /  |c  Németh Anikó 
260 |a Egyesület Közép-Európa Kutatására  |b Szeged  |c 2014 
300 |a 50-58 
490 0 |a Taylor : gazdálkodás- és szervezéstudományi folyóirat  |v 6 No. 1-2 
520 3 |a What the maintenance engineers of companies are to achieve, is well described by the following quote from the movie, Wedding Crashers: „You never know what future brings for us. The only thing we can do is to make the best decision based on the available information." These engineers aim to select the optimal project candidate considering the available information and data, which may not result in the expected outcome in the end. Moreover, the company will may lack of time, human or financial resources to even carry out the plan. As a consequence, projects should be planned to satisfy all type of requirements. The question is: is this achievable? During project planning, the methodology considers risk and reliability factors of equipments as inputs. Based on these values, a priority order of interventions can be established, that can help in the maintenance plan design. An important aspect of the methodology is to take into consideration the constraints subject to time, financial, and other resources as well. 
650 4 |a Társadalomtudományok 
650 4 |a Közgazdasági és gazdálkodástudományok 
695 |a Közgazdaságtudomány 
856 4 0 |u http://acta.bibl.u-szeged.hu/34592/1/vikek_014_015_050-058.pdf  |z Dokumentum-elérés